Měřictví pro třídy středních škol : pro 3. tř. /

Hlavní autor: Valouch, Miloslav, 1878-1952
Další autoři: Špaček, Klement
Jazyk: Čeština
Vydáno: Praha : Jednota českých matematiků a fysiků, 1934
Vydání: 7. vyd.
Témata:
Fyzický popis: 62 s.
Knihy
Uloženo v:
LEADER 00785nam a2200205 a 4500
001 000611740
003 CZ BrMZK
005 20130110103111.0
008 020722s1934 xr f cze d
040 |a BOA001  |b cze  |c BOA001 
100 1 |a Valouch, Miloslav,  |d 1878-1952  |7 jk01141328  |4 aut 
245 1 0 |a Měřictví pro třídy středních škol :  |b pro 3. tř. /  |c napsali dr. Miroslav Valouch a Klement Špaček 
250 |a 7. vyd. 
260 |a Praha :  |b Jednota českých matematiků a fysiků,  |c 1934 
300 |a 62 s. 
700 1 |a Špaček, Klement  |7 mzk2013740956  |4 aut 
910 |a BOA001  |b PK-I-0015.692 
964 |a Měřictví - školy střední - ročník 3. - učebnice 
990 |a BK 
996 6 |b BC-38106  |c PK-I-0015.692  |l MZK  |r Sklad / do 1 hodiny  |n 0  |w 000611740  |u 000010  |a 1  |e BOA001  |j MZK50  |s P